<?xml version="1.0" encoding="UTF-8"?>
<record
    xmlns:xsi="http://www.w3.org/2001/XMLSchema-instance"
    xsi:schemaLocation="http://www.loc.gov/MARC21/slim http://www.loc.gov/standards/marcxml/schema/MARC21slim.xsd"
    xmlns="http://www.loc.gov/MARC21/slim">

  <leader>00558nam a22001457a 4500</leader>
  <controlfield tag="008">230627b        |||||||| |||| 00| 0 eng d</controlfield>
  <datafield tag="040" ind1=" " ind2=" ">
    <subfield code="a">National Science Library</subfield>
    <subfield code="c">National Science Library</subfield>
  </datafield>
  <datafield tag="080" ind1=" " ind2=" ">
    <subfield code="a">378.4(943)(075.5)</subfield>
    <subfield code="b">J5</subfield>
  </datafield>
  <datafield tag="245" ind1=" " ind2=" ">
    <subfield code="a">Department of external studies: </subfield>
    <subfield code="b">Handbooks regulations, details of courses, and Information for students</subfield>
    <subfield code="c">/ The University of Queenland Press  </subfield>
  </datafield>
  <datafield tag="260" ind1=" " ind2=" ">
    <subfield code="a">Brisbane: </subfield>
    <subfield code="b">The University of Queenland Press, </subfield>
    <subfield code="c">1954</subfield>
  </datafield>
  <datafield tag="300" ind1=" " ind2=" ">
    <subfield code="a">26p. </subfield>
  </datafield>
  <datafield tag="490" ind1=" " ind2=" ">
    <subfield code="a">University of Queensland </subfield>
  </datafield>
  <datafield tag="650" ind1=" " ind2=" ">
    <subfield code="a">Science </subfield>
  </datafield>
  <datafield tag="942" ind1=" " ind2=" ">
    <subfield code="2">udc</subfield>
    <subfield code="c">HDK</subfield>
  </datafield>
  <datafield tag="999" ind1=" " ind2=" ">
    <subfield code="c">47596</subfield>
    <subfield code="d">47596</subfield>
  </datafield>
  <datafield tag="952" ind1=" " ind2=" ">
    <subfield code="0">0</subfield>
    <subfield code="1">0</subfield>
    <subfield code="2">udc</subfield>
    <subfield code="4">0</subfield>
    <subfield code="6">37849430755_J5</subfield>
    <subfield code="7">0</subfield>
    <subfield code="9">72716</subfield>
    <subfield code="a">NSL</subfield>
    <subfield code="b">NSL</subfield>
    <subfield code="c">GF/Rk-9/C-11/R-5</subfield>
    <subfield code="d">1964-04-01</subfield>
    <subfield code="l">0</subfield>
    <subfield code="o">378.4(943)(075.5) J5</subfield>
    <subfield code="p">4029</subfield>
    <subfield code="r">2023-06-27 00:00:00</subfield>
    <subfield code="w">1964-04-01</subfield>
    <subfield code="y">HDK</subfield>
  </datafield>
</record>
